00598nam a2200169 a 450000100060000000300090000600800410001502000180005604000280007408200160010210000270011824501540014526000210029930000100032065000390033065000590036923152CO-ViMGA141112s2004 ck r 000 u spa d a9789588214474 aCO-ViMGAbspacCO-ViMGA04a636.5 A596b1 aAnzola Vasques, Hector10aLas buenas practicas de bioseguridad en granjas de reproducion aviar y plantas de incubacion : bConceptos basicos para su aplicacion en colombia aColombia : bIca a54 p.14aAVICULTURA - MEDIDAS DE SEGURIDAD14aPLANTAS DE INCUBACION - CONTROL DE CALIDAD - COLOMBIA